Производство глинозема и экономические расчеты в цветной металлургии (Запись № 11737294)
[ простой вид ]
| 000 -МАРКЕР | |
|---|---|
| контрольное поле | 02121nam0a2200325 4500 |
| 001 - ИДЕНТИФИКАТОР ЗАПИСИ | |
| контрольное поле | RU\NLR\BIBL_A\011447849 |
| 005 - ИДЕНТИФИКАТОР ВЕРСИИ | |
| контрольное поле | 20240921140945.0 |
| 010 ## - МЕЖДУНАРОДНЫЙ СТАНДАРТНЫЙ НОМЕР КНИГИ (ISBN) | |
| Номер (ISBN) | 9785829504847 |
| Тираж | 100 |
| 021 ## - НОМЕР ГОСУДАРСТВЕННОЙ РЕГИСТРАЦИИ | |
| Код страны | российская федерация |
| Номер | 2017-50437 |
| Номер Листа государственной регистраци | 3620 |
| 035 ## - ДРУГИЕ СИСТЕМНЫЕ НОМЕРА | |
| Идентификатор записи | (RuMoRGB)008933369 |
| 035 ## - ДРУГИЕ СИСТЕМНЫЕ НОМЕРА | |
| Идентификатор записи | (NLR Aleph) 011447849 |
| 100 ## - ДАННЫЕ ОБЩЕЙ ОБРАБОТКИ | |
| Данные общей обработки | 20170802d2016 u y0rusy50 ca |
| 101 0# - ЯЗЫК РЕСУРСА | |
| Язык текста, звукозаписи и т.д. | русский |
| 102 ## - СТРАНА ПУБЛИКАЦИИ ИЛИ ПРОИЗВОДСТВА | |
| Страна публикации | российская федерация |
| 105 ## - ПОЛЕ КОДИРОВАННЫХ ДАННЫХ: ТЕКСТОВЫЕ МАТЕРИАЛЫ, МОНОГРАФИЧЕСКИЕ | |
| Кодированные данные о монографическом текстовом документе | a|||j 000zy |
| 200 1# - ЗАГЛАВИЕ И СВЕДЕНИЯ ОБ ОТВЕТСТВЕННОСТИ | |
| Основное заглавие | Производство глинозема и экономические расчеты в цветной металлургии |
| Сведения, относящиеся к заглавию | учебное пособие |
| -- | для студентов вуза, обучающихся по направлению подготовки 22.03.02 - Металлургия |
| -- | [для магистров (22.04.02) и бакалавров (22.03.02)] |
| Первые сведения об ответственности | И. В. Логинова, А. А. Шопперт, Д. А., Д. А. Рогожников, А. В. Кырчиков |
| Последующие сведения об ответственности | Министерство образования и науки РФ, Уральский федеральный университет имени первого Президента России Б. Н. Ельцина |
| 210 ## - ПУБЛИКАЦИЯ, РАСПРОСТРАНЕНИЕ И ДР. | |
| Место издания, распространения и т.д. | Екатеринбург |
| Имя издателя, распространителя и т. д. | Изд-во УМЦ УПИ |
| Дата издания, распространения и т.д. | 2016 |
| 215 ## - ФИЗИЧЕСКАЯ ХАРАКТЕРИСТИКА | |
| Специфическое обозначение материала и объем | 254 с. |
| Другие сведения о физической характеристике | ил., табл. |
| Размеры | 21 |
| 300 ## - ОБЩИЕ ПРИМЕЧАНИЯ | |
| Текст примечания | На 4-й с. обл. авт.: Логинова И.В., д.т.н., проф.; Шопперт А.А., к.т.н.; Рогожников Д.А., кт.т.н., доц.; Кырчников А.В., преп. |
| 606 1# - НАИМЕНОВАНИЕ ТЕМЫ КАК ПРЕДМЕТ | |
| Наименование темы | Цветная металлургия |
| Формальный подзаголовок | Учебные издания для высших учебных заведений |
| Тематический подзаголовок | Экономика |
| Системный номер авторитетной/нормативной записи | 2378221 |
| Идентификатор авторитетной/нормативной записи | RU\NLR\AUTH\661419076 |
| 686 1# - ИНДЕКСЫ ДРУГИХ КЛАССИФИКАЦИЙ | |
| Индекс | У30(2)555.2я73 |
| 701 #1 - ИМЯ ЛИЦА - АЛЬТЕРНАТИВНАЯ ОТВЕТСТВЕННОСТЬ | |
| Начальный элемент ввода | Логинова |
| Часть имени, кроме начального элемента ввода | И. В. |
| Расширение инициалов личного имени | Ирина Викторовна |
| 701 #1 - ИМЯ ЛИЦА - АЛЬТЕРНАТИВНАЯ ОТВЕТСТВЕННОСТЬ | |
| Начальный элемент ввода | Шопперт |
| Часть имени, кроме начального элемента ввода | А. А. |
| Расширение инициалов личного имени | Андрей Андреевич |
| 701 #1 - ИМЯ ЛИЦА - АЛЬТЕРНАТИВНАЯ ОТВЕТСТВЕННОСТЬ | |
| Начальный элемент ввода | Рогожников |
| Часть имени, кроме начального элемента ввода | Д. А. |
| Расширение инициалов личного имени | Денис Александрович |
| 701 #1 - ИМЯ ЛИЦА - АЛЬТЕРНАТИВНАЯ ОТВЕТСТВЕННОСТЬ | |
| Начальный элемент ввода | Кырчиков |
| Часть имени, кроме начального элемента ввода | А. В. |
| Расширение инициалов личного имени | Алексей Владимирович |
| 942 ## - ДОПОЛНИТЕЛЬНЫЕ ЭЛЕМЕНТЫ ЗАПИСИ (АБИС) | |
| Тип экземпляра АБИС | Книга |
| 980 ## - КОЛЛЕКЦИЯ | |
| Название коллекции | НБР |
Нет доступных экземпляров.